JR北海道 乗降客数TOP50 - Statistics

General Stats
  • This quiz has been taken 117 times
  • The average score is 35 of 50
Answer Stats
順位 乗降客数 Answer % Correct
1位 168030 札幌
99%
9位 16762 小樽
99%
2位 37452 新千歳空港
98%
22位 7044 旭川
98%
34位 4386 函館
97%
3位 27960 新札幌
94%
24位 6536 苫小牧
93%
40位 3178 南千歳
92%
7位 18026 北広島
91%
5位 20066 桑園
90%
19位 7510 岩見沢
90%
8位 17680 千歳
89%
48位 1376 釧路
88%
10位 14674 白石
87%
11位 14462 恵庭
84%
45位 1924 帯広
84%
4位 26862 手稲
83%
49位 1280 新函館北斗
82%
12位 11790 苗穂
81%
42位 3030 東室蘭
81%
25位 5908 江別
80%
35位 4250 小樽築港
74%
43位 2614 滝川
74%
6位 19820 琴似
73%
38位 3796 南小樽
70%
47位 1606 深川
67%
31位 4572 平和
66%
41位 3124 銭函
66%
17位 8180 発寒
64%
13位 10858 大麻
63%
16位 8202 発寒中央
61%
21位 7090 新琴似
61%
14位 10570 野幌
59%
44位 1958 美唄
58%
20位 7100 森林公園
57%
23位 6574 あいの里教育大
57%
37位 3992 当別
57%
15位 9548 星置
56%
26位 5816 厚別
53%
32位 4516 上野幌
51%
18位 7934 稲積公園
50%
30位 4766 恵み野
48%
27位 5536 新川
43%
33位 4400 八軒
43%
29位 5060 高砂
39%
39位 3218 島松
39%
28位 5494 篠路
34%
36位 4016 拓北
33%
46位 1656 幌向
33%
50位 1250 白老
33%
No matching quizzes found
Score Distribution
Percent of People with Each Score
Percentile by Number Answered
Your Score History
You have not taken this quiz